Provinces et territoires du Canada - Statistiques

Statistiques générales
  • Ce quiz a été pris 27 fois
    23 depuis la dernière actualisation
  • Le résultat moyen est 7 sur 13
Statistiques - réponses
Hint Réponse % Correct
Quebec Quebec
93%
Ontario Toronto
79%
Alberta Edmonton
64%
Nouveau-Brunswick Fredericton
57%
Colombie-Britannique Victoria
57%
Territoires du Nord-Ouest Yellowknife
57%
Nouvelle-Ecosse Halifax
50%
Saskatchewan Regina
50%
Manitoba Winnipeg
50%
Île-du-Prince-Edouard Charlottetown
43%
Terre-Neuve-et-Labrador Saint John's
43%
Yukon Whitehorse
43%
Nunavut Iqualit
14%
Aucun quiz correspondant
Distribution des résultats
% des personnes avec chaque résultat
Percentile par nombre de réponses
Votre historique - résultats
Vous n’avez pas pris ce quiz depuis la dernière actualisation